[Event "US-China Chess Summit"]
[Site "Seattle WA"]
[Date "2001.03.14"]
[Round "1"]
[White "Shabalov, Alexander"]
[Black "Zhang Zhong"]
[Result "0-1"]
[WhiteTitle "GM"]
[WhiteElo "2609"]
[WhiteCountry "USA"]
[BlackTitle "GM"]
[BlackElo "2607"]
[BlackCountry "China"]
[PresId "1004010014"]

1. e4 c5 2. Nf3 d6 3. d4 cxd4 4. Nxd4 Nf6 5. Nc3 a6 6. f3 e5 7. Nb3
Be6 8. Be3 Be7 9. Qd2 h5 10. O-O-O Nbd7 11. Kb1 Rc8 12. Bd3 Nc5 13.
Nxc5 dxc5 14. Qe2 Qa5 15. Nd5 Nxd5 16. exd5 Bxd5 17. c4 Be6 18. Bd2
Qc7 19. Bc3 Bf6 20. Bc2 Ke7 21. g4 g6 22. Rd5 hxg4 23. Rxe5 g3 24. Re1
Bxe5 25. Bxe5 gxh2 26. Bxc7 h1Q 27. Be5 Qh4 28. Bxg6 Rhg8 29. Bc2 Qxc4
30. Qh2 Rcd8 31. b3 Qb4 32. Re2 c4 33. Kb2 cxb3 34. Bc3 Qb5 35. axb3
Rc8 36. Qh4+ Ke8 37. Rd2 Qg5 38. Qa4+ Qb5 39. Qf4 Qg5 40. Qe4 Rxc3 41.
Kxc3 Qa5+ 42. Qb4 Qa1+ 43. Kd3 Qf1+ 44. Kc3 Qxf3+ 45. Kb2 Rg2 0-1

[Event "US-China Chess Summit"]
[Site "Seattle WA"]
[Date "2001.03.14"]
[Round "1"]
[White "Ye Jiangchuan"]
[Black "Gulko, Boris"]
[Result "1/2-1/2"]
[WhiteTitle "GM"]
[WhiteElo "2671"]
[WhiteCountry "China"]
[BlackTitle "GM"]
[BlackElo "2622"]
[BlackCountry "USA"]
[PresId "1004010011"]

1. e4 d6 2. d4 Nf6 3. Nc3 g6 4. Nf3 Bg7 5. Be3 O-O 6. Qd2 d5 7. exd5
Nxd5 8. Bh6 Bf5 9. Bxg7 Kxg7 10. O-O-O c6 11. Nh4 Bg4 12. f3 Be6 13.
Ne4 f6 14. g3 Nd7 15. c4 Nc7 16. Ng2 b5 17. Nf4 Bf7 18. cxb5 Nxb5 19.
Bxb5 cxb5 20. Kb1 Qb6 21. Qb4 Rfe8 22. Nc3 Rab8 23. d5 a5 24. Qd4 Qxd4
25. Rxd4 Ne5 26. Rf1 Red8 27. h4 h6 28. Rdd1 b4 29. Ne4 g5 30. hxg5
hxg5 31. Ne6+ Bxe6 32. dxe6 Rxd1+ 33. Rxd1 Nxf3 34. Rd7 Kf8 35. Rd5
Rb6 36. Nc5 Rc6 37. a4 bxa3ep 38. bxa3 Kg7 39. Kb2 Nd4 40. Ne4 Nxe6
41. Rxa5 Nd4 42. Rd5 Rc4 43. Rc5 Rxc5 44. Nxc5 Kg6 45. a4 Kf5 46. Kc3
Nc6 47. Kc4 Ke5 48. Nb3 Kd6 49. a5 f5 50. a6 e5 51. g4 fxg4 52. Nd2
Kc7 53. Ne4 Ne7 54. Kc5 Nf5 55. Kd5 g3 56. Nxg5 g2 57. Nh3 1/2-1/2

[Event "US-China Chess Summit"]
[Site "Seattle WA"]
[Date "2001.03.15"]
[Round "2"]
[White "Wang Lei"]
[Black "Groberman, Elina"]
[Result "1-0"]
[WhiteTitle "WIM"]
[WhiteElo "2473"]
[WhiteCountry "China"]
[BlackTitle "WGM"]
[BlackElo "2106"]
[BlackCountry "USA"]
[PresId "1004020019"]

1. d4 Nf6 2. c4 g6 3. Nc3 Bg7 4. e4 d6 5. Be2 O-O 6. Bg5 Nc6 7. d5 Ne5
8. f4 Ned7 9. Nf3 c6 10. Qc2 cxd5 11. cxd5 Qb6 12. Nd2 a6 13. a4 Nc5
14. a5 Qc7 15. O-O b5 16. axb6ep Qxb6 17. Kh1 Rb8 18. b4 Ncxe4 19.
Ndxe4 Nxe4 20. Nxe4 Bxa1 21. Rxa1 Bf5 22. Bxe7 Bxe4 23. Qxe4 Rfe8 24.
f5 gxf5 25. Qh4 Qe3 26. Bxd6 Re4 27. Qg3+ Qxg3 28. hxg3 Rd8 29. Bc7
Rd7 30. Bf3 Rxc7 31. Bxe4 fxe4 32. Rxa6 Rc1+ 33. Kh2 Rd1 34. Ra8+ Kg7
35. Re8 Rxd5 36. Rxe4 Rd1 37. b5 Rb1 38. Re5 Kf6 39. Rc5 Ke6 40. Kh3
Rb3 41. Rc6+ Kd7 42. Rb6 f5 43. Rb7+ Kc8 44. Rxh7 Rxb5 45. Re7 Rb1 46.
Kh4 Rb2 47. Rf7 Rxg2 48. Rxf5 Kd7 49. g4 Ke6 50. Rf4 Ke5 51. Rf8 Rh2+
52. Kg5 Ke6 53. Kg6 Ke7 54. Rf7+ Ke8 55. g5 Ra2 56. Kg7 Rg2 57. g6 Rg1
58. Rf5 Re1 59. Rh5 Ke7 60. Kh8 Rg1 61. g7 Kf7 62. Rh7 1-0

[Event "US-China Chess Summit"]
[Site "Seattle WA"]
[Date "2001.03.16"]
[Round "3"]
[White "Xie Jun"]
[Black "Ivanov, Alexander"]
[Result "1-0"]
[WhiteTitle "GM"]
[WhiteElo "2557"]
[WhiteCountry "China"]
[BlackTitle "GM"]
[BlackElo "2582"]
[BlackCountry "USA"]
[PresId "1004030013"]

1. e4 e5 2. Nf3 Nc6 3. Bb5 a6 4. Ba4 Nf6 5. O-O Be7 6. d3 d6 7. c3 O-O
8. Re1 b5 9. Bc2 Bb7 10. Nbd2 Nb8 11. Nf1 Nbd7 12. h3 Re8 13. Ng3 Bf8
14. d4 g6 15. b3 c6 16. Bg5 Bg7 17. Qd2 Qe7 18. Rad1 Qf8 19. Be3 Rad8
20. Qc1 Rc8 21. Ng5 h6 22. Nf3 a5 23. Nd2 exd4 24. cxd4 c5 25. d5 Ba6
26. f4 c4 27. bxc4 bxc4 28. Nf3 Nc5 29. e5 Nfd7 30. e6 Nf6 31. Bxc5
Rxc5 32. Qe3 Kh8 33. e7 Qg8 34. Ba4 Rxd5 35. Bxe8 Qxe8 36. Qb6 Bb5 37.
Rxd5 1-0

[Event "US-China Chess Summit"]
[Site "Seattle WA"]
[Date "2001.03.18"]
[Round "4"]
[White "Gulko, Boris"]
[Black "Yin Hao"]
[Result "1/2-1/2"]
[WhiteTitle "GM"]
[WhiteElo "2622"]
[WhiteCountry "USA"]
[BlackTitle "IM"]
[BlackElo "2576"]
[BlackCountry "China"]
[Remark "4"]
[PresId "1004040011"]

1. d4 d5 2. c4 e6 3. Nc3 Nf6 4. cxd5 exd5 5. Bg5 Be7 6. e3 O-O 7. Bd3
Nbd7 8. Nge2 Re8 9. O-O Nf8 10. b4 Ne4 11. Bxe7 Rxe7 12. Bxe4 dxe4 13.
Ng3 f5 14. f3 exf3 15. Rxf3 Ng6 16. Nxf5 Bxf5 17. Rxf5 Rxe3 18. Qd2
Re8 19. Raf1 Qe7 20. Qd3 c6 21. Qc4+ 1/2-1/2

[Event "US-China Chess Summit"]
[Site "Seattle WA"]
[Date "2001.03.18"]
[Round "4"]
[White "Kaidanov, Gregory"]
[Black "Peng Xiaomin"]
[Result "1/2-1/2"]
[WhiteTitle "GM"]
[WhiteElo "2607"]
[WhiteCountry "USA"]
[BlackTitle "GM"]
[BlackElo "2648"]
[BlackCountry "China"]
[Remark "4"]
[PresId "1004040015"]

1. d4 Nf6 2. c4 g6 3. Nc3 d5 4. cxd5 Nxd5 5. Bd2 Bg7 6. e4 Nb6 7. Be3
O-O 8. f4 Nc6 9. d5 Na5 10. Bd4 e5 11. Bxe5 Bxe5 12. fxe5 Qh4+ 13. g3
Qe7 14. Qd4 Rd8 15. b4 Nac4 16. Bxc4 Qxb4 17. Nf3 Qxc4 18. Qe3 c6 19.
e6 fxe6 20. Ne5 Qb4 21. O-O Nc4 22. Qg5 Qb6+ 23. Kh1 Nxe5 24. Qxe5
exd5 25. Rab1 Qa6 26. Qe7 Bh3 27. Qf7+ Kh8 28. Qf6+ Kg8 29. Qf7+ Kh8
30. Qf6+ Kg8 1/2-1/2

[Event "US-China Chess Summit"]
[Site "Seattle WA"]
[Date "2001.03.18"]
[Round "4"]
[White "Ivanov, Alexander"]
[Black "Xie Jun"]
[Result "1-0"]
[WhiteTitle "GM"]
[WhiteElo "2582"]
[WhiteCountry "USA"]
[BlackTitle "GM"]
[BlackElo "2557"]
[BlackCountry "China"]
[Remark "4"]
[PresId "1004040013"]

1. e4 e5 2. Nf3 Nc6 3. Bb5 a6 4. Ba4 Nf6 5. O-O Be7 6. Re1 b5 7. Bb3
d6 8. c3 O-O 9. h3 h6 10. d4 Re8 11. Nbd2 Bf8 12. Bc2 g6 13. Nf1 Bb7
14. d5 Nb8 15. b3 c6 16. c4 Nbd7 17. Ng3 Qc7 18. Be3 Rec8 19. Rc1 bxc4
20. bxc4 a5 21. Qd2 Kh7 22. Ba4 Nb6 23. Bxc6 Bxc6 24. dxc6 Na4 25. c5
Nxc5 26. Nxe5 Ncxe4 27. Nxe4 Nxe4 28. Qd4 dxe5 29. Qxe4 Ra6 30. Qd5
Kg8 31. a4 Rxc6 32. Rxc6 Qxc6 33. Qxa5 Ra8 34. Qb5 Qc3 35. Rc1 Qa3 36.
Qxe5 Bg7 37. Qe4 Rb8 38. g3 Kh7 39. Rc4 Qa1+ 40. Rc1 Qa3 41. Kg2 Rb4
42. Rc4 Rb2 43. Bc1 1-0

[Event "US-China Chess Summit"]
[Site "Seattle WA"]
[Date "2001.03.18"]
[Round "4"]
[White "Ni Hua"]
[Black "Nakamura, Hikaru"]
[Result "1-0"]
[WhiteTitle "FM"]
[WhiteElo "2534"]
[WhiteCountry "China"]
[BlackTitle "FM"]
[BlackElo "2364"]
[BlackCountry "USA"]
[Remark "4"]
[PresId "1004040021"]

1. e4 c5 2. c3 Nf6 3. e5 Nd5 4. d4 cxd4 5. Nf3 Nc6 6. Bc4 Nb6 7. Bb3
d5 8. exd6ep Qxd6 9. Na3 a6 10. O-O Be6 11. Bxe6 Qxe6 12. Nxd4 Nxd4
13. Qxd4 Rd8 14. Qh4 Qc6 15. Nc2 e6 16. Nd4 Qc7 17. Bg5 Be7 18. Nf5
exf5 19. Bxe7 Rd7 20. Bf6 gxf6 21. Rae1+ Re7 22. Qxf6 Rg8 23. Rxe7+
Qxe7 24. Qxb6 Qe4 25. f3 Qe2 26. Qf2 Qxf2+ 27. Kxf2 Ke7 28. Rd1 Rc8
29. Ke3 h6 30. Rd4 Rc6 31. Kf4 Kf6 32. g3 Ke6 33. Rd8 Rc4+ 34. Ke3 Rc6
35. Rh8 Ke5 36. f4+ Kd5 37. Re8 Rf6 38. Re5+ Kc6 39. c4 b6 40. b4 Kd7
41. Kd4 Kd8 42. a4 Kd7 43. a5 bxa5 44. Rxa5 Ke7 45. Re5+ Kd7 46. b5
axb5 47. cxb5 1-0